Las inquietudes de Shanti Andía

Gorde:
Xehetasun bibliografikoak
Egile nagusia: Baroja, Pío
Formatua: Liburua
Hizkuntza:Undetermined
Argitaratua: Madrid, España Espasa Calpe 1966
Edizioa:7
Gaiak:
Etiketak: Etiketa erantsi
Etiketarik gabe, Izan zaitez lehena erregistro honi etiketa jartzen!

MARC

LEADER 00000nam a2200000Ia 4500
008 170316s9999 xx 000 0 und d
040 |a cru BVZT 
090 |a 862 B-6i 
100 |a Baroja, Pío 
245 |a Las inquietudes de Shanti Andía 
250 |a 7 
260 |a Madrid, España 
260 |b Espasa Calpe 
260 |c 1966 
300 |a 269páginas 
650 |a LITERATURA ESPAÑOLA 
999 |c 9562  |d 9562 
942 |c 15 D  |h 862 B-6i  |2 z